Láska, zvedavosť, Prozac a pochybnosti

Bibliographic Details
Main Author: Etxebarría, Lucía, 1966- (Author)
Other Authors: Vozárová, Lucia (Translator)
Format: Book
Language:Slovak
Spanish
PhysicalDescription:205 s. 21 cm
Published: Bratislava Belimex 2006
ISBN:8089083986
Edition:[1. vyd.]
Subjects:

MARC

LEADER 00000nam a2200000 a 4500
001 vtls008900559
003 SK-MaSNL
005 20260301045804.0
008 160830s2006 xo g 000 f slo
015 |a SNBA2007/12-05594 
020 |a 8089083986  |q (viaz.) 
035 |a BDBD0FB8-12E5-4194-8F40-746B2631D706 
035 |a urn:nbn:sk:snk-amlfpd 
035 |a urn:nbn:sk:snk-am008xsj 
040 |a SNK  |b slo  |c SNK  |e AACR2 
041 1 |a slo  |h spa 
044 |a xo  |c SK 
072 7 |a 821.134.2-3  |x Španielska próza, španielsky písaná  |2 konspekt 
080 |a 821.134.2-31  |2 2001 
100 1 |a Etxebarría, Lucía,  |d 1966-  |4 aut  |9 209268 
240 1 0 |a Amor, curiosidad, Prozac y dudas  |l Slovensky 
245 1 0 |a Láska, zvedavosť, Prozac a pochybnosti  |c Lucía Etxebarríová ; [zo španielskeho originálu preložila Andrea Dvorská] 
250 |a [1. vyd.] 
260 |a Bratislava  |b Belimex  |c 2006 
300 |a 205 s.  |c 21 cm 
655 7 |a španielske romány  |2 SNKPH  |9 70539 
700 1 |a Vozárová, Lucia  |4 trl  |9 354391 
919 |a 80-89083-98-6 
958 |a OND 
958 |a LX 
958 |a UP 
968 |b ESP  |d 821 
999 |c 599321  |d 601251 
952 |a SNK  |b SNK  |y PREZ  |7 0  |p 17A0533090  |o snkSC 125957  |i snk2006/26164  |8 0  |0 0  |1 0  |4 0  |d 2006-12-14  |f 1  |l 0  |r 2025-06-11 00:00:00  |w 2026-02-23 
952 |a SNK  |b SNK  |y PREZ  |7 0  |p 17A0533092  |o snkSC 125957 D1  |i snk2006/26165  |8 0  |0 0  |1 0  |4 0  |d 2006-12-14  |l 0  |r 2026-02-23 15:50:00  |w 2026-02-23